Géo-épistémologie (notice n° 1925157)
[ vue normale ]
| 000 -LEADER | |
|---|---|
| fixed length control field | 01107cam a2200133 4500500 |
| 005 - DATE AND TIME OF LATEST TRANSACTION | |
| control field | 20260329023148.0 |
| 041 ## - LANGUAGE CODE | |
| Language code of text/sound track or separate title | fre |
| 042 ## - AUTHENTICATION CODE | |
| Authentication code | dc |
| 100 10 - MAIN ENTRY--PERSONAL NAME | |
| Personal name | Claval, Paul |
| Relator term | author |
| 245 00 - TITLE STATEMENT | |
| Title | Géo-épistémologie |
| 260 ## - PUBLICATION, DISTRIBUTION, ETC. | |
| Name of publisher, distributor, etc. | Armand Colin,<br/> |
| Date of publication, distribution, etc. | 2017.<br/> |
| 520 ## - SUMMARY, ETC. | |
| Summary, etc. | Les géographes se sont longtemps considérés comme des artisans : ils apprenaient un métier à base de cartes, de terrain et d’enquêtes et s’interrogeaient peu sur les fondements de leur discipline. La situation a profondément changé et les travaux sur l’histoire de la discipline et sur ses bases épistémologiques se sont multipliés, motivés notamment par l’impact sur la recherche de nouvelles technologies (télédétection, télématique, statistique spatiale). Cet ouvrage vient retracer l’évolution des rapports entre épistémologie et géographie et les débats auxquels ils ont donné lieu depuis une génération, afin de faire comprendre les enjeux de la géographie qui s’écrit aujourd’hui. |
| 856 41 - ELECTRONIC LOCATION AND ACCESS | |
| Uniform Resource Identifier | <a href="https://shs.cairn.info/geo-epistemologie--9782200616311?lang=fr&redirect-ssocas=7080">https://shs.cairn.info/geo-epistemologie--9782200616311?lang=fr&redirect-ssocas=7080</a> |
Pas d'exemplaire disponible.




Réseaux sociaux